Bones Characters by Episode Count - Statistics

General Stats
  • This quiz has been taken 12 times
  • The average score is 17 of 33
Answer Stats
Hint Answer % Correct
246 Angela Montenegro
90%
223 Camille Saroyan
90%
246 Jack Hodgins
90%
140 Lance Sweets
90%
246 Seeley Booth
90%
246 Temperance Brennan
90%
12 Parker Booth
80%
64 Zack Addy
80%
33 Daisy Wick
70%
5 Russ Brennan
70%
11 Vincent Nigel Murray
70%
31 Arastoo Vaziri
60%
36 Clark Edison
60%
16 Colin Fisher
60%
56 James Aubrey
60%
5 Jared Booth
60%
42 Wendell Bray
60%
26 Christine Booth
50%
9 Christopher Pelant
50%
24 Max Keenan
50%
55 Caroline Julian
40%
22 Daniel Goodman
40%
8 Oliver Wells
40%
7 Finn Abernathy
30%
7 Hannah Burley
30%
11 Jessica Warren
30%
9 Michelle Welton
30%
6 Gordon Wyatt
20%
9 Rodolfo Fuentes
20%
7 Karen Delfs
10%
11 Michael Hodgins
10%
7 Billy Gibbons
0%
6 Sam Cullen
0%
No matching quizzes found
Score Distribution
Percent of People with Each Score
Percentile by Number Answered
Your Score History
You have not taken this quiz